000 00421pab a2200145 454500
008 180718b1988 xxu||||| |||| 00| 0 eng d
100 _aToulmin, Llewellyn M.
245 _aThe treasure hunt
_bBudget search behaviour by public employee unions
260 _c1988
300 _a620-30
362 _aMar.-Apr.
650 _aLabour Unions - Benefit Plans - U.S.A
773 _aPublic Administration Review
909 _a11984
999 _c11984
_d11984